[Event "Le Touquet op-B 19th"]
[Site "Le Touquet"]
[Date "2004.10.28"]
[Round "3"]
[White "Bourgain, Louis"]
[Black "Debuf, Eric"]
[Result "0-1"]
[WhiteElo "1360"]
[BlackElo "1560"]
[PlyCount "43"]
[EventDate "2004.10.25"]
[EventType "swiss"]
[EventRounds "9"]
[EventCountry "FRA"]
[SourceTitle "EXT 2006"]
[Source "ChessBase"]
[SourceDate "2005.11.24"]
[SourceVersion "1"]
[SourceVersionDate "2005.11.24"]
[SourceQuality "1"]

1. d4 Nf6 2. c4 c5 3. d5 e6 4. Nc3 exd5 5. cxd5 d6 6. e4 g6 7. Bd3 Bg7 8. Nge2 0-0 9. 0-0 Bg4 10. b3 Bd7 11. Ng3 Na6 12. Bf4 Qb6 13. Qd2 Nc7 14. a4 a5 15. Qe2 Na6 16. Bb5 Nb4 17. Bxd7 Nxd7 18. Qb5 Rfd8 19. Qxb6 Nxb6 20. Rfb1 Nc4 21. Nb5 Nd3 22. Nc3 0-1

[Event "Le Touquet op-B 19th"]
[Site "Le Touquet"]
[Date "2004.10.28"]
[Round "6"]
[White "Drancourt, Charles"]
[Black "Bourgain, Louis"]
[Result "1-0"]
[WhiteElo "1550"]
[BlackElo "1360"]
[PlyCount "39"]
[EventDate "2004.10.25"]
[EventType "swiss"]
[EventRounds "9"]
[EventCountry "FRA"]
[SourceTitle "EXT 2006"]
[Source "ChessBase"]
[SourceDate "2005.11.24"]
[SourceVersion "1"]
[SourceVersionDate "2005.11.24"]
[SourceQuality "1"]

1. d4 Nf6 2. Nf3 g6 3. Bg5 Bg7 4. c3 d5 5. e3 0-0 6. Nbd2 Bf5 7. Qb3 b6 8. Ne5 e6 9. Ndf3 a5 10. Nd2 h6 11. Bxf6 Bxf6 12. g4 Be4 13. f3 Bh4+ 14. Ke2 f6 15. fxe4 fxe5 16. Bg2 Rf2+ 17. Kd3 Rxg2 18. exd5 Qxd5 19. c4 Qf3 20. Nxf3 1-0

[Event "Le Touquet op Seniors"]
[Site "Le Touquet"]
[Date "2002.??.??"]
[Round "5"]
[White "Holuigue, Andre"]
[Black "Bourgain, Louis"]
[Result "1-0"]
[WhiteElo "1610"]
[BlackElo "1330"]
[PlyCount "81"]
[EventDate "2002.10.??"]
[EventType "swiss"]
[EventRounds "7"]
[EventCountry "FRA"]
[SourceTitle "EXT 2003"]
[Source "ChessBase"]
[SourceDate "2002.11.25"]
[SourceVersion "1"]
[SourceVersionDate "2002.11.25"]
[SourceQuality "1"]

1. d4 Nf6 2. Nf3 g6 3. e3 Bg7 4. b3 d5 5. Nbd2 0-0 6. Bd3 c5 7. 0-0 cxd4 8. exd4 b6 9. Bb2 Ba6 10. Bxa6 Nxa6 11. Re1 Re8 12. Ne5 Rc8 13. Rc1 Nb4 14. a3 Na2 15. Ra1 Nc3 16. Qf3 Nb5 17. Rac1 e6 18. g4 h6 19. h4 Qe7 20. c4 dxc4 21. Ndxc4 Nd5 22. a4 Nbc7 23. Ba3 Qf6 24. Qxf6 Bxf6 25. Nd6 Bxh4 26. Nxe8 Rxe8 27. Bd6 Na6 28. Nc6 Ra8 29. Kg2 Bg5 30. Rc4 Nf4+ 31. Kg3 Nd3 32. Re2 Nc1 33. Rb2 Nd3 34. Rb1 h5 35. f4 h4+ 36. Kf3 Bf6 37. g5 Bg7 38. Ke2 Bf8 39. Bxf8 Nxf4+ 40. Kf3 Kxf8 41. Kxf4 1-0